000 00277nam a2200109Ia 4500
008 191201s2014 xx 000 0 und d
100 _aKUROSE, James F
245 0 _aComputer Networks a Top-Down Approach
250 _a5th
260 _c2014
_bpearson
_aNEW DELHI
942 _2ddc
_cBK
999 _c7933
_d7933